| 000 | 00859cam a2200241 i 4500 | ||
|---|---|---|---|
| 001 | 4599882 | ||
| 005 | 20240130042844.0 | ||
| 008 | 780627s1977 enkaf b 001 0 eng | ||
| 020 |
_a0803983190 _a0803983204 |
||
| 040 |
_aDLC _cDLC _dDLC |
||
| 082 | 0 | 0 |
_a306 _222 _bREP. |
| 100 | 1 | _aBourdieu, Pierre, | |
| 245 | 1 | 0 |
_aReproduction in education, society and culture / _c Pierre Bourdieu and Jean-Claude Passeron ; translated from the French by Richard Nice ; with a foreword by Tom Bottomore. |
| 260 |
_aLondon ; _aBeverly Hills : _bSage Publications, _c1977. |
||
| 300 | _axxvi, 254 p, | ||
| 490 | 0 | _aSage studies in social and educational change ; v. 5 | |
| 500 | _aTranslation of La reproduction. | ||
| 500 | _aIncludes index. | ||
| 650 | 0 | _aEducational sociology. | |
| 650 | 0 | _aEducation | |
| 700 | 1 |
_aPasseron, Jean Claude, _ejoint author. |
|
| 942 | _cL | ||
| 999 |
_c234 _d234 |
||